| 000 | 01148nam a2200313 a 4500 | ||
|---|---|---|---|
| 001 | 000022313 | ||
| 003 | DO-SdBNP | ||
| 005 | 20230213125833.0 | ||
| 007 | ta | ||
| 008 | 100927s1968 dr bc 000 0 spa d | ||
| 040 |
_aDO-SdBNP _bspa _cBNPHU |
||
| 041 | 1 | 7 |
_aspa _heng |
| 049 | _aBNPD | ||
| 082 | 4 |
_aF-RD 96 _222 |
|
| 245 | 0 | 0 | _aViejo Santo Domingo... una visita = Old Santo Domingo ... a visit. |
| 246 | 1 | 1 | _aOld Santo Domingo ... a visit. |
| 260 |
_aSanto Domingo : _bInstituto Cultural Dominico-Americano, _c1968. |
||
| 300 |
_a54 p. : _bilustraciones, mapas ; _c22 cm. |
||
| 500 | _aIncluye bibliografía y notas al pie de páginas. | ||
| 504 | _aBibliografía : p. 53-54. | ||
| 546 | _aEspañol, Inglés | ||
| 590 | _aInventariado, 2023/BT | ||
| 650 | 4 |
_aCiudades y pueblos _zRepública Dominicana _9784 |
|
| 650 | 4 |
_aMonumentos históricos _zSanto Domingo (República Dominicana{Rpara} _97717 |
|
| 651 | 4 |
_aSanto Domingo (República Dominicana{Rpara} _xDescripción _97716 |
|
| 651 | 4 |
_aSanto Domingo (República Dominicana{Rpara} _xDescripciones Y Viajes _97718 |
|
| 910 | _aValidado. Control de calidad EMS | ||
| 942 |
_2ddc _cLF2 |
||
| 999 |
_c21811 _d21811 |
||